000
00338nam a2200133 a 4500
005
20140414131910.0
008
101011s19uu xx 00 eng d
050
_a
ER
_b
M45 1993
100
_a
Brimner, Larry Dane
245
_a
Max and Felix.
260
_b
Boyds Mills,
_a
Honesdale, Pennsylvania :
_c
1993.
440
_a
999
_c
111169
_d
111169